000 00317nam a22001337a 4500
008 170616b xxu||||| |||| 00| 0 eng d
020 _a0878720065
041 _aeng
080 _a32
100 _a20
101 _aSHP
245 _aTHE POLITICAL THEMES OF INTER-AMERICAN RELATIONS
_cWILLIAMS,E.J
942 _2udc
_cBK
999 _c17952
_d17952